Télévision - Intervilles - Statistiques

Statistiques générales
  • Ce quiz a été pris 29 fois
  • Le résultat moyen est 12 sur 30
Statistiques - réponses
Question Réponse % Correct
Quel animal est devenu emblématique de l'émission? Les vachettes
100%
En 2013, on célèbre les 50 ans de l'émission en rejouant la première finale, Dax - Saint-Amand-les-Eaux
83%
Quel été les spectateurs n'ont-ils pas pu suivre Intervilles ? en 1968
67%
Qu'est ce qui ne fait pas partie des épreuves classiques d'Intervilles ? Le mur de corde
67%
La dernière saison d'Intevilles en France remonte à... 2013
50%
En 1997, à la suite d'un article du Canard enchainé, un des présentateur est licencié pour avoir indiqué les bonnes réponses aux questions de culture
50%
Quelle ville a disputé le plus de finales ? (5) Dax
50%
Quelle chaine n'a jamais diffusé Intervilles ? France 4
50%
L'émission Intervilles devait revenir en 2020 mais cela n'a pas été pourquoi ? la pandémie mondiale a empêché le tournage
50%
Qui, parmi ces présentateurs et présentatrices a animé plus d'une saison ? Nagui
50%
Qui n'a jamais été arbitre d'Intervilles ? Patrice Laffont
50%
Comment s'appelle la chanson du générique ? Shanana
50%
Intervilles est créée en... 1962
33%
Outre le nom, qu'est ce qui figure sur tous les logos d'Intervilles ? Des Cornes
33%
Dans quel pays l'adaptation d'Intervilles s'appelle-t-elle (nom traduit), C'est une rigolade ! en Australie
33%
Qui ne participe pas en 2013 à l'émission qui voient les célébrités de Marseille et de Paris s'affronter ? Gérard Holtz
33%
Quelle Miss France n'a jamais participé à Intervilles ? Iris Mittenaere
33%
En 1992, les Français ne retrouvent pas Intervilles. Pourquoi ? Le CSA a infligé une lourde amende à la production pour "publicité déguisée"
33%
Lors de l'émission du cinquantenaire, 4 célébrités coachent Dax et Saint-Amand-les-Eaux. Quelle affirmation est fausse? Patrick Sébastien aide Dax
33%
En 1999, une finale a opposé Paris à... Pékin
33%
Quelle ville a remporté Intevilles ? Saint-Quentin
33%
Il y a eu un grand nombre d'émissions mais combien ? 344
17%
Quelle ville n'a marqué aucun point lors de la finale de 1998 ? Dax
17%
Quel produit dérivé n'a pas existé ? Des peluches
17%
Quelle émission dérivée d'Intervilles n'a pas existé ? Interplages
17%
En 2013, des célébrités marseillaises et parisiennes s'affrontent au profit d'associations, l'émission est rebaptisée... Intervip
17%
Qui, parmi ces présentateurs et présentatrices a animé moins de dix saisons ? Jean-Pierre Foucault
17%
Quel pays, parmi ceux-ci n'a pas adopté ce format d'émission ? la Géorgie
17%
Le jeu est créé à l'origine pour faire plaisir aux téléspectateurs déçus d'apprendre qu'un grand événement ne sera pas retransmis à la télévision. Lequel ? Le Tour de France
17%
Quel pays, parmi ceux-ci n'a pas adopté ce format d'émission ? Le Sénégal
0%
Aucun quiz correspondant
Distribution des résultats
% des personnes avec chaque résultat
Percentile par nombre de réponses
Votre historique - résultats
Vous n’avez pas pris ce quiz